000 00746nam a2200253 a 4500
001 68038
003 BD-RjUL
005 20211209081726.0
008 170330s20001998enka b 001 0 eng d
020 _a1859961959
035 _a(BD-RjUL)68247
040 _aBD-RjUL
_beng
_cBD-RjUL
041 _aeng
082 _223
_a590
_bJUI 2000
100 1 _aJurd, Richard D.
_9201675
245 1 0 _aInstant notes in animal biology /
_cRichard D. Jurd.
260 _aOxford :
_bBios Scientific,
_c1999 [reprinted 2000]
300 _ax, 294 p. :
_bill. ;
_c24 cm.
490 _aInstant notes series
504 _aIncludes bibliographical references and index.
650 0 _aZoology.
_9201676
830 0 _aInstant notes series
_9159273
942 _2ddc
_cBK
999 _c68038
_d68038